Регионална библиотека "Любен Каравелов" - Русе

Футбол (Запис номер 444116)

MARC детайли
000 -Лидер
Контролно поле с фиксирана дължина nam a22 a 4500
003 - Код на организацията, давaща контролен номер
Контролно поле BLK
005 - Дата и час на последна редакция
Контролно поле 20220208134609.0
008 - Елементи от данни с фиксирана дължина
fixed length control field 220208b bu |||||r|||| 00| | bu d
040 ## - Източник на каталожния запис
Идентификатор на билиотеката - собственик на записа BLK
041 ## - Код за език
Код за езика на текст/звукозапис или на отделно заглавие Български
Код за езика КДБФ Български
080 ## - УДК
Текстов определител УДК Футбол
УДК код - определител по УДК 796.332
УДК - код + определител 796.332
139 ## - Редно поле
Редна дума Футбол
245 ## - Сведения за заглавието
Заглавие Футбол
Подзаглавни данни Програма за работата на спортните секции при физкултурните колективи
260 ## - Област на издателските данни
9 (RLIN) 216430
Място на издаване, разпространение и проч. София
Име на издателя, разпространителя и проч. Физкултура
Година на издаване 1950
300 ## - Физическа характеристика
Страници 50 с.
Размери/Мащаб 17 см
380 ## - Жанр
Жанр 793/799 Спорт
650 #7 - Допълнително описание по предмет – тема
9 (RLIN) 176248
Основно описание – тема или топоним Футбол
653 #7 - Ключова дума – ненормативна
9 (RLIN) 199648
Ключова дума футбол
653 #7 - Ключова дума – ненормативна
9 (RLIN) 194632
Ключова дума програми
852 ## - Местоположение
Форматна сигнатура Цб I 1134
Фондова буква Основен фонд - ползва се само за читалня
999 ## - СИСТЕМНИ КОНТРОЛНИ НОМЕРА
Koha biblionumber 444116
Koha biblioitemnumber 444116
942 ## - АРТИКУЛИ
Вид на библиотечния материал Книги
Скрит в OPAC Не
Периодичен библиозапис Да
944 ## - СЪЗДАВАНЕ И РЕДАКЦИЯ на ЗАПИСА
Създаване/Редакция Създаване
Дата на регистрацията/редакция 2022-02-08
Служител, извършил регистрацията/редакцията Христина Везирева
Наличности
Код за отписване Код за изгубен артикул Източник на класификационната схема Код за повреда Коз за рестрикции Код за отдаване Артикулен № Име на библиотеката - собственик Име на библиотеката, в която се намира в момента Статус (Текущо местоположение) Дата на вписване в системата Местоположение - отдел Цена в лева Инвентарен номер Систематично азбучна сигнатура Баркод Цена в евро Служебен тип на артикула
  Не е изгубен Universal Decimal Classification Не е повреден без рестрикции ползва се в читалня 870058 Регионална библиотека "Любен Каравелов" Русе Регионална библиотека "Любен Каравелов" Русе Основен фонд - ползва се само за читалня 2022-02-09 Хранилище 0.07 5040/57 Цб I 1134 900000023120 0.04 Книги
Vip Innovations Ltd, Rousse, Bulgaria 2025